“煎包”地点数量≥150的地级行政区 Prefectures with ≥150 "Jianbao" sites - Statistics

General Stats
  • This quiz has been taken 28 times
  • The average score is 10 of 21
Answer Stats
地级行政区 数量 % Correct
上海 297
93%
郑州 163
85%
苏州 200
81%
济南 289
63%
青岛 155
63%
徐州 247
56%
菏泽 357
48%
临沂 181
48%
济宁 589
44%
潍坊 320
44%
福州 243
44%
枣庄 160
41%
淄博 151
41%
泉州 453
37%
商丘 458
33%
温州 376
30%
莆田 307
30%
东营 185
26%
蚌埠 231
22%
滨州 204
22%
驻马店 153
15%
No matching quizzes found
Score Distribution
Percent of People with Each Score
Percentile by Number Answered
Your Score History
You have not taken this quiz